=LDR 00000nam 2200000 4500 =001 INLIS000000000037748 =005 20130612143450 =008 ***********************************Ind** =035 ##$$0010-061300000037748 =041 ##$$a Ind =082 ##$$a 133.1 =090 ##$$a 133.1, Rol s =100 ##$$a Roland, Paul =245 ##$$a Segala sesuai tentang hantu, sebuah eksplorasi mengagumkan terhadap dunia hantu dari penampakan hingga tempat-tempat angker, Roland, Paul =260 ##$$a 2010 $b Jakarta =300 ##$$a 223 hlm, ilus, 26 cm =650 ##$$a Hantu =700 ##$$a Saputra, Arvin =850 ##$$a NBPNMAT